Witamy w Bibliotece Naukowej Instytutu Łączności!

Elementarna ocena błędów pomiarów / (Rekord nr 14072)

000 -LEADER
fixed length control field 01250cam a2200361 i 4500
001 - CONTROL NUMBER
control field vtls000566852
003 - CONTROL NUMBER IDENTIFIER
control field NUKAT
005 - DATE AND TIME OF LATEST TRANSACTION
control field 20181114141831.0
008 - FIXED-LENGTH DATA ELEMENTS--GENERAL INFORMATION
fixed length control field 050920s1967 pl a f f |001 0 pol c
035 ## - SYSTEM CONTROL NUMBER
System control number zz2005855795
039 #9 - LEVEL OF BIBLIOGRAPHIC CONTROL AND CODING DETAIL [OBSOLETE]
Level of rules in bibliographic description 201803160701
Level of effort used to assign nonsubject heading access points kopul
Level of effort used to assign subject headings 201712150954
Level of effort used to assign classification vagh
Level of effort used to assign subject headings 201706261828
Level of effort used to assign classification kopumk
Level of effort used to assign subject headings 201603180855
Level of effort used to assign classification vuwm
040 ## - CATALOGING SOURCE
Original cataloging agency WR U/Chm
Transcribing agency WR U/kl
Modifying agency WR U/jc
-- WR U/jcs
-- GL 001/FAN
041 1# - LANGUAGE CODE
Language code of text/sound track or separate title pol
Language code of original and/or intermediate translations of text rus
100 1# - MAIN ENTRY--PERSONAL NAME
Personal name Zajdel', Aleksandr Natanovič
Dates associated with a name (1909-1987).
240 10 - UNIFORM TITLE
Uniform title Èlementarnye ocenki ošibok izmerenij
Language of a work (pol.)
245 10 - TITLE STATEMENT
Title Elementarna ocena błędów pomiarów /
Statement of responsibility, etc A. N. Zajdel ; [tł. Jerzy Greń].
260 ## - PUBLICATION, DISTRIBUTION, ETC. (IMPRINT)
Place of publication, distribution, etc Warszawa :
Name of publisher, distributor, etc Państwowe Wydawnictwo Naukowe,
Date of publication, distribution, etc 1967.
300 ## - PHYSICAL DESCRIPTION
Extent 71, [4] s. :
Other physical details il. ;
Dimensions 21 cm.
504 ## - BIBLIOGRAPHY, ETC. NOTE
Bibliography, etc Indeks.
650 ## - SUBJECT ADDED ENTRY--TOPICAL TERM
Topical term or geographic name as entry element Rachunek błędów.
700 1# - ADDED ENTRY--PERSONAL NAME
Personal name Greń, Jerzy.
Relator term Tł.
710 2# - ADDED ENTRY--CORPORATE NAME
Corporate name or jurisdiction name as entry element Państwowe Wydawnictwo Naukowe (1951-1992).
Relator code pbl
9 (RLIN) 995
942 ## - ADDED ENTRY ELEMENTS (KOHA)
Source of classification or shelving scheme
Koha item type Książki
Egzemplarze
Withdrawn status Lost status Source of classification or shelving scheme Damaged status Not for loan Permanent Location Current Location Shelving location Date acquired Inventory number Full call number Barcode Date last seen Price effective from Koha item type
          Instytut Łączności Instytut Łączności Magazyn 1967-11-27 22988 22988 22988 2022-10-18 2017-11-30 Książki

Działa dzięki Koha